000 00662nam a2200205Ii 4500
003 JO-AjNU
008 230605s9999||||xx |||||||||||||| ||und||
040 _aJO-AjNU
_bara
_erda
_cJO-AjNU
041 _aara
050 1 4 _aPJ7645.Q85 1983
100 3 _aتأليف القرشي،محمد بن أبي الخطاب,
_eauthor
_99732
245 0 0 _aكتاب جمهرة أشعار العرب
250 _aط1 جديدة ومنقحة
264 3 1 _aبيروت:دار المسيرة،1983
300 _a195ص
336 _atext
_btxt
_2rdacontent
337 _aunmediated
_bn
_2rdamedia
338 _avolume
_bnc
_2rdacarrier
650 4 _a الشعر العربي
_99733
999 _aA1450
_c5018
_d5018